00464nam a22001337a 4500003000500000038001800005082000800023100002200031245012800053264003300181650002800214700003000242856005800272NUST aNusrat Nadeem a200 aSalahuddin, Hasan aExploring the Sustainability of Eco-Cultural Tourism: Perspectives of Locals in Hunza Valley, Pakistan/cHasan Salahuddin,  aIslamabad:bS3H NUST.c2025. aMS-Development Studies  aSupervisor:Dr. Usman Khan u http://10.250.8.41:8080/xmlui/handle/123456789/57126